[Event "TCh-CHN 2019"]
[Site "China CHN"]
[Date "2019.08.20"]
[Round "12.6"]
[Board "4"]
[White "Ding, Yixin"]
[Black "Vo, Thi Kim Phung"]
[Result "1-0"]
[WhiteTitle "WGM"]
[BlackTitle "WGM"]
[WhiteElo "2439"]
[BlackElo "2344"]
[WhiteTeam "Zhejiang team"]
[BlackTeam "Beijing team"]
[WhiteFideId "8602972"]
[BlackFideId "12401838"]
[EventDate "2019.04.09"]

1. e4 e6 2. d3 d5 3. Qe2 Nf6 4. Nf3 Be7 5. g3 c5 6. Bg2 Nc6 7. O-O h6 8. e5 Nd7
9. c4 d4 10. h4 g5 11. hxg5 hxg5 12. b4 Nxb4 13. Nh2 Qc7 14. Ng4 f5 15. exf6
Nxf6 16. a3 Nc6 17. Bxg5 Nxg4 18. Qxg4 e5 19. Qe4 Bxg5 20. Qg6+ Qf7 21. Qxg5 Rh5
22. Qc1 Bh3 23. Bxh3 Rxh3 24. Kg2 Rh5 25. Nd2 O-O-O 26. Ne4 Qe6 27. Rh1 Rdh8 28.
Nxc5 Qg6 29. Rxh5 Rxh5 30. Qb2 b6 31. Ne4 Qg4 32. Qb5 Qh3+ 33. Kf3 Rh6 34. Ke2
Qh5+ 35. Kd2 Na5 36. Rb1 Rc6 37. Qa6+ Nb7 38. Qxa7 Qh6+ 39. Kc2 Qg6 40. Qa6 Kc7
41. Rh1 Qg7 42. Qa8 Nd8 43. a4 Rh6 44. Qa7+ Nb7 45. Rb1 Qe7 46. a5 Qd7 47. axb6+
Kd8 48. Qb8+ Ke7 49. Qxe5+ Kf8 50. Qf4+ Kg7 51. Qc7 Qf7 52. c5 Re6 53. Qxf7+ 1-0

[Event "TCh-CHN 2019"]
[Site "China CHN"]
[Date "2019.08.20"]
[Round "12.6"]
[Board "5"]
[White "Zhu, Jiner"]
[Black "Song, Yuxin"]
[Result "1/2-1/2"]
[WhiteTitle "WIM"]
[BlackTitle "WIM"]
[WhiteElo "2461"]
[BlackElo "2299"]
[WhiteTeam "Zhejiang team"]
[BlackTeam "Beijing team"]
[WhiteFideId "8608059"]
[BlackFideId "8614300"]
[EventDate "2019.04.09"]

1. e4 e5 2. Nf3 Nf6 3. Nxe5 d6 4. Nf3 Nxe4 5. Nc3 Nxc3 6. dxc3 Be7 7. Be3 O-O 8.
Qd2 Nd7 9. O-O-O c6 10. h4 Nf6 11. Bd3 Qa5 12. Kb1 Re8 13. Ng5 h6 14. Bd4 Bf5
15. Qf4 Bxd3 16. Rxd3 c5 17. Bxf6 Bxf6 18. Rf3 Qc7 19. a3 Qe7 20. Qf5 Bxg5 21.
hxg5 Qxg5 22. Qxf7+ Kh8 23. Rf5 Re7 24. Qd5 Qg6 25. Qd3 Rae8 26. Ka2 Rf7 27.
Rhh5 Ref8 28. Rxf7 Qxf7+ 29. Rd5 Qxf2 30. Rxd6 Qxg2 31. Rd7 Qc6 32. c4 a6 33.
Re7 b5 34. Qg3 Qf6 35. Rc7 Qd4 36. cxb5 axb5 37. Qb3 b4 38. a4 Ra8 39. Rb7 Qf6
40. Rc7 Qd4 41. Rb7 Qf6 42. Rb5 Qc6 43. Kb1 Qh1+ 44. Ka2 Qc6 45. c4 bxc3 46.
bxc3 Qg2+ 47. Ka3 Qg1 48. Rb8+ Rxb8 49. Qxb8+ Kh7 50. Qb2 h5 51. a5 h4 52. a6 h3
53. a7 h2 54. a8=Q h1=Q 55. Qc2+ g6 56. Qa7+ Kh8 57. Qb8+ Kh7 58. Qc7+ Kh8 59.
Qe5+ Kh7 60. Qe7+ Kh8 61. Qf6+ Kh7 62. Qf7+ Kh8 63. Qf8+ Kh7 64. Qf7+ Kh8 65.
Qf6+ Kh7 66. Qf7+ 1/2-1/2

[Event "TCh-CHN 2019"]
[Site "China CHN"]
[Date "2019.08.21"]
[Round "13.1"]
[Board "1"]
[White "Li, Chao b"]
[Black "Zhao, Jun"]
[Result "1/2-1/2"]
[WhiteTitle "GM"]
[BlackTitle "GM"]
[WhiteElo "2690"]
[BlackElo "2639"]
[WhiteTeam "Beijing team"]
[BlackTeam "Shandong Jingzhi team"]
[WhiteFideId "8604436"]
[BlackFideId "8602522"]
[EventDate "2019.04.09"]

1. d4 Nf6 2. c4 e6 3. g3 d5 4. Bg2 Be7 5. Nf3 O-O 6. Qc2 c5 7. dxc5 Qa5+ 8. Nc3
dxc4 9. O-O Qxc5 10. Bg5 Nc6 11. Bxf6 Bxf6 12. Ne4 Qe7 13. Nfd2 Rd8 14. e3 Nb4
15. Qxc4 Bxb2 16. Rab1 Ba3 17. Qb3 Na6 18. Nc4 Bb4 19. Rfd1 Rxd1+ 20. Rxd1 e5
21. a3 Bc5 22. Nxe5 Be6 23. Qd3 Bxa3 24. Ng5 Qxg5 25. Qxa3 Qxe5 26. Bxb7 Rb8 27.
Qxa6 Bg4 28. Rd4 Bh3 29. Qa1 Qc7 30. Bg2 Bxg2 31. Kxg2 1/2-1/2

[Event "TCh-CHN 2019"]
[Site "China CHN"]
[Date "2019.08.21"]
[Round "13.1"]
[Board "2"]
[White "Yu, Yangyi"]
[Black "Liu, Qingnan"]
[Result "1-0"]
[WhiteTitle "GM"]
[BlackTitle "GM"]
[WhiteElo "2738"]
[BlackElo "2533"]
[WhiteTeam "Beijing team"]
[BlackTeam "Shandong Jingzhi team"]
[WhiteFideId "8603820"]
[BlackFideId "8603294"]
[EventDate "2019.04.09"]

1. Nf3 Nf6 2. g3 d5 3. Bg2 Bf5 4. O-O e6 5. d3 h6 6. c4 c6 7. cxd5 cxd5 8. Qb3
Qb6 9. Be3 Qxb3 10. axb3 Nc6 11. Nd4 Bg4 12. Nxc6 bxc6 13. f3 Bh5 14. Rc1 Kd7
15. Ra6 Rc8 16. Nc3 Bb4 17. Na4 Kd6 18. Rxa7 Nd7 19. Bf4+ e5 20. Rxd7+ Kxd7 21.
Bxe5 Ke6 22. Bxg7 Bd2 23. Bh3+ f5 24. Bxh8 Bxc1 25. Bd4 Rb8 26. Kf2 Bg6 27. f4
Ke7 28. Nc5 Rb5 29. Bc3 d4 30. Bxd4 Kd6 31. Na4 Rxb3 32. Ke1 Kc7 33. Kd1 Rb4 34.
Nc5 Kd6 35. Bg7 Rxb2 36. Bxb2 Bxb2 37. Nb3 Bf6 38. Nd2 Kd5 39. e3 c5 40. Ke2
Bh5+ 41. Nf3 Bg6 42. Nd2 Bh5+ 43. Kf2 Bc3 44. Nf3 Bxf3 45. Kxf3 c4 46. Bxf5 cxd3
47. Bxd3 Ke6 48. e4 Bd4 49. Bc4+ Kf6 50. e5+ Kg6 51. g4 Bb6 52. f5+ Kg5 53. Kg3
h5 54. h4+ Kh6 55. g5+ Kg7 56. f6+ 1-0

[Event "TCh-CHN 2019"]
[Site "China CHN"]
[Date "2019.08.21"]
[Round "13.1"]
[Board "3"]
[White "Esipenko, Andrey"]
[Black "Wen, Yang"]
[Result "1/2-1/2"]
[WhiteTitle "GM"]
[BlackTitle "GM"]
[WhiteElo "2642"]
[BlackElo "2586"]
[WhiteTeam "Beijing team"]
[BlackTeam "Shandong Jingzhi team"]
[WhiteFideId "24175439"]
[BlackFideId "8602956"]
[EventDate "2019.04.09"]

1. e4 e5 2. Nf3 Nc6 3. Bb5 a6 4. Ba4 Nf6 5. O-O b5 6. Bb3 Bc5 7. c3 d6 8. d4 Bb6
9. a4 Rb8 10. a5 Ba7 11. Be3 Ra8 12. h3 O-O 13. Re1 h6 14. Nbd2 exd4 15. cxd4
Nb4 16. Bc2 c5 17. Nf1 Re8 18. Ng3 Nxc2 19. Qxc2 Nxe4 20. Nxe4 Bf5 21. Bf4 d5
22. dxc5 Rxe4 23. Rxe4 Bxe4 24. Qc3 Bxf3 25. Qxf3 Bxc5 26. Rd1 d4 27. Be5 Qf8
28. Bxd4 Rd8 29. Bxc5 Rxd1+ 30. Qxd1 Qxc5 31. Qd2 h5 32. b4 Qc6 33. h4 g6 34. g3
Qe4 35. Qd6 Qe1+ 36. Kg2 Qe4+ 37. Kh2 Qe2 38. Qd4 Qf1 39. Qd8+ Kg7 40. Qd4+ Kg8
41. Qd8+ 1/2-1/2

[Event "TCh-CHN 2019"]
[Site "China CHN"]
[Date "2019.08.21"]
[Round "13.1"]
[Board "4"]
[White "Stefanova, Antoaneta"]
[Black "Song, Yuxin"]
[Result "1/2-1/2"]
[WhiteTitle "GM"]
[BlackTitle "WIM"]
[WhiteElo "2476"]
[BlackElo "2299"]
[WhiteTeam "Shandong Jingzhi team"]
[BlackTeam "Beijing team"]
[WhiteFideId "2902257"]
[BlackFideId "8614300"]
[EventDate "2019.04.09"]

1. Nf3 Nf6 2. g3 d5 3. Bg2 Nbd7 4. d4 b5 5. a4 b4 6. c4 bxc3 7. Nxc3 e6 8. Bf4
Nh5 9. Bd2 Nhf6 10. a5 Ba6 11. O-O Rb8 12. Qc2 Bd6 13. Rfb1 O-O 14. Be1 Qe7 15.
Nd2 c5 16. dxc5 Bxc5 17. Nb3 Bb4 18. Nd4 Rfc8 19. Qd1 Bc4 20. e3 Ne5 21. f4 Nc6
22. Nxc6 Rxc6 23. g4 Bc5 24. Bf2 Bb3 25. Qe2 Bc4 26. Qd1 Bb3 27. Qe2 Bc4 28. Qd1 1/2-1/2

[Event "TCh-CHN 2019"]
[Site "China CHN"]
[Date "2019.08.21"]
[Round "13.1"]
[Board "5"]
[White "Ning, Kaiyu"]
[Black "Vo, Thi Kim Phung"]
[Result "0-1"]
[WhiteTitle "WIM"]
[BlackTitle "WGM"]
[WhiteElo "2353"]
[BlackElo "2344"]
[WhiteTeam "Shandong Jingzhi team"]
[BlackTeam "Beijing team"]
[WhiteFideId "8614750"]
[BlackFideId "12401838"]
[EventDate "2019.04.09"]

1. d4 d5 2. c4 c6 3. Nf3 Nf6 4. Qc2 g6 5. Bf4 Bf5 6. Qb3 Qb6 7. e3 Na6 8. Nbd2
Bg7 9. Be2 dxc4 10. Bxc4 O-O 11. O-O Qxb3 12. Nxb3 Nb4 13. Ne5 Nfd5 14. Bg3 Nb6
15. Be2 f6 16. Nf3 Na4 17. Na5 b6 18. Nxc6 Nxc6 19. Bb5 Nxb2 20. Bxc6 Rac8 21.
Bb7 Rc3 22. Rfc1 Na4 23. Ba6 Be6 24. Nd2 f5 25. Bf4 Bf6 26. Nf3 Kg7 27. a3 Rd8
28. Rcb1 Bc4 29. Rb4 Nb2 30. Rxb2 Bxa6 31. Rb4 Rdc8 32. h3 Be2 33. Kh2 b5 34.
Rb2 Rc2 35. Raa2 Rxb2 36. Rxb2 Bxf3 37. gxf3 a6 38. Rb3 g5 39. Bg3 f4 40. exf4
gxf4 41. Bxf4 Bxd4 42. Kg3 Rc3 43. Rb4 Rc4 44. Rb3 Bxf2+ 45. Kxf2 Rxf4 46. Kg3
Ra4 47. f4 h5 48. Rf3 Kg6 49. Re3 Kf6 50. Kf3 e6 51. Kg3 Rd4 52. Kf3 a5 53. Kg3
b4 54. a4 Rd5 55. Kf3 Rc5 56. Ke2 e5 57. Rf3 e4 58. Rg3 Rc2+ 59. Kd1 Ra2 60. Rg5
e3 61. Rxa5 e2+ 62. Ke1 b3 63. Rb5 b2 64. Kf2 e1=Q+ 0-1

[Event "TCh-CHN 2019"]
[Site "China CHN"]
[Date "2019.08.21"]
[Round "13.2"]
[Board "1"]
[White "Lu, Shanglei"]
[Black "Zou, Chen"]
[Result "1-0"]
[WhiteTitle "GM"]
[BlackTitle "FM"]
[WhiteElo "2612"]
[BlackElo "2459"]
[WhiteTeam "Zhejiang team"]
[BlackTeam "Hangzhou Hongda team"]
[WhiteFideId "8603332"]
[BlackFideId "8610959"]
[EventDate "2019.04.09"]

1. e4 c5 2. Nf3 d6 3. d4 cxd4 4. Nxd4 Nf6 5. Nc3 a6 6. Be3 e6 7. f3 b5 8. Qd2
Nbd7 9. g4 h6 10. O-O-O b4 11. Nce2 Qc7 12. Qxb4 d5 13. Qc3 Qxc3 14. Nxc3 e5 15.
Nc6 d4 16. Na4 Bb7 17. Na5 Bxe4 18. fxe4 dxe3 19. Nc4 Ra7 20. Nxe3 Nxe4 21. Rd5
h5 22. gxh5 Rxh5 23. Bg2 Ndf6 24. Bxe4 Nxe4 25. Re1 f6 26. Nb6 Nc5 27. Re2 Ne6
28. Red2 Bc5 29. Nbc4 Ke7 30. c3 Rc7 31. Kc2 Nf4 32. Rd8 g6 33. Rg8 Bxe3 34.
Nxe3 Rc6 35. a4 Rd6 36. Rg7+ Ke6 37. Rf2 Nd3 38. Re2 Nf4 39. Rf2 Rd3 40. Ng2
Rdh3 41. Rxf4 exf4 42. Nxf4+ Kf5 43. Nxh3 Rxh3 44. b4 Rxh2+ 45. Kb3 g5 46. b5
axb5 47. axb5 Ke6 48. c4 Kd6 49. Kb4 Rb2+ 50. Ka5 Ra2+ 51. Kb6 Rc2 52. Rc7 g4
53. c5+ Ke6 54. Kc6 f5 55. b6 Rb2 56. b7 g3 57. Rg7 f4 58. Kc7 Kd5 59. c6 Ke4
60. b8=Q Rxb8 61. Kxb8 f3 62. Rg4+ Ke5 63. Rxg3 f2 64. Rf3 Kd5 1-0

[Event "TCh-CHN 2019"]
[Site "China CHN"]
[Date "2019.08.21"]
[Round "13.2"]
[Board "2"]
[White "Xu, Minghui"]
[Black "Lin, Yi"]
[Result "1/2-1/2"]
[BlackTitle "IM"]
[WhiteElo "2406"]
[BlackElo "2415"]
[WhiteTeam "Zhejiang team"]
[BlackTeam "Hangzhou Hongda team"]
[WhiteFideId "8606790"]
[BlackFideId "8609659"]
[EventDate "2019.04.09"]

1. Nf3 Nf6 2. c4 g6 3. Nc3 d5 4. cxd5 Nxd5 5. e4 Nxc3 6. dxc3 Qxd1+ 7. Kxd1 f6
8. h4 e5 9. h5 g5 10. Be3 Nd7 11. Nh2 Nc5 12. f3 Be6 13. Kc2 Kf7 14. Be2 Be7 15.
Rhd1 a5 16. Nf1 Rhd8 17. Rxd8 Rxd8 18. Ng3 c6 19. Nf5 Bf8 20. b3 b5 21. Rd1 Rxd1
22. Kxd1 a4 23. b4 Nb7 24. a3 Nd6 25. Nxd6+ Bxd6 26. c4 Bd7 27. Kc2 h6 28. Kc3
Ke7 29. g4 Be8 30. Bc5 Bd7 31. Bd3 Be8 32. Bb6 Bd7 33. Bb1 Be6 34. Ba2 Kd7 35.
Kb2 Be7 36. Bc5 Bxc5 37. bxc5 Bxc4 38. Bxc4 bxc4 39. Kc3 Kc7 40. Kxc4 Kb7 41.
Kb4 Ka6 42. Kxa4 Kb7 43. Ka5 Ka7 44. a4 Kb7 45. Kb4 Ka6 46. a5 Kb7 47. Ka4 Ka6
48. Kb4 Kb7 49. Ka4 Ka6 50. Kb4 1/2-1/2

[Event "TCh-CHN 2019"]
[Site "China CHN"]
[Date "2019.08.21"]
[Round "13.2"]
[Board "3"]
[White "Anton Guijarro, David"]
[Black "Xiang, Zeyu"]
[Result "1/2-1/2"]
[WhiteTitle "GM"]
[BlackTitle "IM"]
[WhiteElo "2685"]
[BlackElo "2446"]
[WhiteTeam "Zhejiang team"]
[BlackTeam "Hangzhou Hongda team"]
[WhiteFideId "2285525"]
[BlackFideId "8608547"]
[EventDate "2019.04.09"]

1. c4 e5 2. g3 Nf6 3. Bg2 c6 4. d4 e4 5. Bg5 Bb4+ 6. Nc3 d5 7. Bxf6 Qxf6 8. e3
O-O 9. Ne2 Bg4 10. O-O Bxc3 11. bxc3 Nd7 12. h3 Bxe2 13. Qxe2 Nb6 14. c5 Nd7 15.
c4 b6 16. cxb6 axb6 17. Rfc1 Ra5 18. cxd5 cxd5 19. Bf1 Rfa8 20. a4 Qe6 21. Qd1
Nf6 22. Kg2 R5a7 23. Rc3 Rc8 24. Rac1 Raa8 25. Qb3 Rxc3 26. Rxc3 h5 27. Be2 Rd8
28. Qb5 Rd6 29. Qa6 Kh7 30. Qc8 Qxc8 31. Rxc8 g6 32. g4 hxg4 33. hxg4 g5 34. Kg3
Kg7 35. Bb5 Ng8 36. Rc7 Nf6 37. Be2 Ng8 38. Kg2 Kf6 39. Kf1 Ke6 40. Ke1 Nf6 41.
Rb7 Ng8 42. Kd2 f5 43. Rg7 Nf6 44. Rxg5 fxg4 45. Bxg4+ Nxg4 46. Rxg4 Kd7 47. Kc3
Rh6 48. Rg1 Rf6 49. Rf1 Rc6+ 50. Kb3 Rc4 51. Ra1 Kd6 52. Ra2 Rc1 53. Rb2 Ra1 54.
Kb4 Kc6 55. Rc2+ Kb7 56. Kb3 Rb1+ 57. Ka2 Rb4 58. Ka3 Rb1 59. Ra2 Kc6 60. Rb2
Ra1+ 61. Kb3 Kc7 62. Ra2 Rb1+ 63. Kc3 Kc6 64. a5 bxa5 65. Rxa5 Rc1+ 66. Kb2 Rf1
67. Rc5+ Kd6 68. Rc2 Re1 69. Kb3 Rb1+ 70. Rb2 Rf1 71. Kb4 Kc6 72. Rc2+ Kd6 73.
Rb2 1/2-1/2

[Event "TCh-CHN 2019"]
[Site "China CHN"]
[Date "2019.08.21"]
[Round "13.2"]
[Board "4"]
[White "Zhou, Zirun"]
[Black "Ding, Yixin"]
[Result "0-1"]
[BlackTitle "WGM"]
[WhiteElo "2124"]
[BlackElo "2439"]
[WhiteTeam "Hangzhou Hongda team"]
[BlackTeam "Zhejiang team"]
[WhiteFideId "8610975"]
[BlackFideId "8602972"]
[EventDate "2019.04.09"]

1. d4 Nf6 2. c4 e6 3. Nc3 Bb4 4. e3 O-O 5. Nf3 d5 6. Bd3 b6 7. cxd5 exd5 8. O-O
Ba6 9. a3 Bxc3 10. bxc3 Qc8 11. Ne5 c5 12. Bxa6 Nxa6 13. Qa4 c4 14. f3 Nc7 15.
Qc2 Qb7 16. e4 Ne6 17. Re1 Rfe8 18. a4 Rac8 19. Rb1 dxe4 20. fxe4 Nc5 21. dxc5
Rxe5 22. cxb6 axb6 23. Be3 Rxe4 24. Qf2 Ng4 25. Qf3 Qe7 26. Bf2 Nxf2 27. Qxf2
Rxe1+ 28. Rxe1 Qa3 29. Qxb6 Qxa4 30. Qb7 Ra8 31. Rf1 Qe8 32. Qd5 Rc8 33. Kh1 h6
34. h3 Qe7 35. Rf4 Qc7 36. Rg4 Rb8 37. Qf5 Rb3 38. Qc2 Qb8 39. Rd4 g6 40. Qe2
Kg7 41. Kg1 Qg3 42. Qf1 Qe3+ 43. Kh1 Rxc3 44. Rxc4 Rxc4 45. Qxc4 h5 46. Qb4 g5
47. Qb2+ f6 48. Qb7+ Kg6 49. Qc8 Qe1+ 50. Kh2 h4 51. Qg8+ Kf5 52. Qc8+ Kf4 53.
Qc4+ Qe4 54. Qc1+ Qe3 55. Qc4+ Qe4 56. Qc1+ Ke5 57. Qc7+ Ke6 58. Qc8+ Kf7 59.
Qd7+ Kg6 60. Qc8 Qe5+ 61. Kh1 Qd5 62. Qe8+ Kf5 63. Qc8+ Ke4 64. Qc2+ Ke5 65.
Qc3+ Qd4 66. Qc7+ Ke4 67. Qc6+ Ke3 68. Qc1+ Ke2 69. Qc2+ Ke1 70. Qf5 Qa1 71. Qf3
Qe5 72. Qd3 f5 73. Qb1+ Kd2 74. Qb4+ Qc3 75. Qd6+ Qd3 76. Qb4+ Ke2 77. Qb2+ Ke1
78. Qe5+ Kf1 79. Qa1+ Kf2 80. Qb2+ Qe2 81. Qb6+ Qe3 82. Qb2+ Kg3 83. Qb1 f4 84.
Qd1 f3 85. Qg1 Qxg1+ 86. Kxg1 g4 87. hxg4 fxg2 0-1

[Event "TCh-CHN 2019"]
[Site "China CHN"]
[Date "2019.08.21"]
[Round "13.2"]
[Board "5"]
[White "Zhao, Shengxin"]
[Black "Zhu, Jiner"]
[Result "0-1"]
[WhiteTitle "WFM"]
[BlackTitle "WIM"]
[WhiteElo "2093"]
[BlackElo "2461"]
[WhiteTeam "Hangzhou Hongda team"]
[BlackTeam "Zhejiang team"]
[WhiteFideId "8608040"]
[BlackFideId "8608059"]
[EventDate "2019.04.09"]

1. d4 Nf6 2. c4 e6 3. Nc3 Bb4 4. Nf3 c5 5. dxc5 O-O 6. e3 Na6 7. Qc2 Nxc5 8. a3
Bxc3+ 9. Qxc3 b6 10. b4 Nce4 11. Qc2 Bb7 12. Be2 Rc8 13. Bb2 d5 14. Rd1 Qe7 15.
Qb3 Ng4 16. O-O Qc7 17. h3 dxc4 18. Qa2 Ngf6 19. Be5 Qc6 20. Nd4 Qe8 21. Rc1 Nd7
22. Bh2 e5 23. Nf5 g6 24. f3 gxf5 25. fxe4 Bxe4 26. Bxc4 Qe7 27. Bb5 Nf6 28. Qb2
Nd5 29. Bxe5 Nxe3 30. Bf6 Qd6 31. Rfe1 Rxc1 32. Qxc1 Qg3 33. Qd2 Nxg2 34. Rxe4
Ne3+ 35. Kh1 Qxh3+ 36. Kg1 Qg3+ 37. Kh1 fxe4 0-1

[Event "TCh-CHN 2019"]
[Site "China CHN"]
[Date "2019.08.21"]
[Round "13.3"]
[Board "2"]
[White "Li, Di"]
[Black "Xu, Yi"]
[Result "1/2-1/2"]
[WhiteTitle "GM"]
[BlackTitle "GM"]
[WhiteElo "2543"]
[BlackElo "2542"]
[WhiteTeam "Chengdu Beilei Youth Chess Club"]
[BlackTeam "China Mobil Shanghai Chess Club"]
[WhiteFideId "8607508"]
[BlackFideId "8605564"]
[EventDate "2019.04.09"]

1. Nf3 d5 2. d4 Nf6 3. c4 e6 4. Nc3 Bb4 5. e3 O-O 6. Bd2 b6 7. Rc1 Bb7 8. cxd5
exd5 9. Qb3 Be7 10. Be2 Nbd7 11. O-O c5 12. dxc5 Nxc5 13. Qd1 a6 14. Nd4 b5 15.
a3 Ne6 16. Be1 Re8 17. b4 Qb6 18. Nxe6 fxe6 19. Qb3 Bd6 20. a4 Bc6 21. Ra1 Kh8
22. axb5 axb5 23. Ra5 Reb8 24. Rxa8 Rxa8 25. Bf3 Nd7 26. Bg4 Re8 27. Ne2 Nf6 28.
Bf3 e5 29. g3 Rc8 30. Bd2 Bb7 31. Rd1 h6 1/2-1/2

[Event "TCh-CHN 2019"]
[Site "China CHN"]
[Date "2019.08.21"]
[Round "13.3"]
[Board "4"]
[White "Ni, Shiqun"]
[Black "Koneru, Humpy"]
[Result "0-1"]
[WhiteTitle "WGM"]
[BlackTitle "GM"]
[WhiteElo "2389"]
[BlackElo "2574"]
[WhiteTeam "China Mobil Shanghai Chess Club"]
[BlackTeam "Chengdu Beilei Youth Chess Club"]
[WhiteFideId "8608466"]
[BlackFideId "5008123"]
[EventDate "2019.04.09"]

1. e4 e5 2. Nf3 Nc6 3. Bc4 Bc5 4. c3 Nf6 5. d4 exd4 6. e5 d5 7. Bb5 Ne4 8. cxd4
Bb6 9. Nc3 O-O 10. Be3 Bg4 11. h3 Bh5 12. Qc2 Nxc3 13. bxc3 f6 14. Bxc6 Bxf3 15.
gxf3 bxc6 16. f4 Qe7 17. Qa4 fxe5 18. fxe5 c5 19. Qa3 c6 20. O-O-O Rab8 21. Rd2
Qb7 22. Rb2 cxd4 23. cxd4 c5 24. Kb1 cxd4 25. Bxd4 Bxd4 26. Rxb7 Rxb7+ 27. Kc1
Bb2+ 28. Qxb2 Rxb2 29. Kxb2 Rxf2+ 30. Kc3 Kf7 31. Rb1 Ke6 32. Rb7 Rf7 33. Rb8
Kxe5 34. Re8+ Kf4 35. Kd4 Rd7 36. a4 g5 37. a5 h5 38. Rf8+ Kg3 39. Rf5 g4 40.
Rxh5 gxh3 41. Rg5+ Kh4 42. Rg8 Rh7 0-1

[Event "TCh-CHN 2019"]
[Site "China CHN"]
[Date "2019.08.21"]
[Round "13.3"]
[Board "5"]
[White "Ju, Wenjun"]
[Black "Ren, Xiaoyi"]
[Result "0-1"]
[WhiteTitle "GM"]
[WhiteElo "2580"]
[BlackElo "2253"]
[WhiteTeam "China Mobil Shanghai Chess Club"]
[BlackTeam "Chengdu Beilei Youth Chess Club"]
[WhiteFideId "8603006"]
[BlackFideId "8608709"]
[EventDate "2019.04.09"]

1. e4 c5 2. Nf3 d6 3. Bb5+ Bd7 4. Bxd7+ Qxd7 5. c4 Nf6 6. Nc3 Nc6 7. d4 cxd4 8.
Nxd4 g6 9. f3 Bg7 10. Be3 O-O 11. O-O Rac8 12. b3 Rfd8 13. Rc1 Nxd4 14. Bxd4 b6
15. Qe2 Qb7 16. Rfd1 Nd7 17. Bxg7 Kxg7 18. f4 Nf8 19. Nd5 a6 20. e5 e6 21. Nf6
d5 22. cxd5 Rxc1 23. Rxc1 exd5 24. Qf3 b5 25. f5 Qb6+ 26. Kh1 Qd4 27. Re1 Nd7
28. fxg6 hxg6 29. Nxd5 Qh4 30. g3 Qg5 31. h4 Rh8 32. Qc3 b4 33. Nxb4 Qg4 34. e6+
Nf6 35. e7 Rc8 36. Nc6 Qd7 37. e8=Q Rxe8 38. Rxe8 Qxe8 39. Kg1 Qe6 40. Nd4 Qe5
41. Qd3 Qe1+ 42. Kg2 Ne4 43. Qf3 Qd2+ 44. Ne2 Nf6 45. a3 Nd5 46. Kf2 a5 47. Qe4
Nf6 48. Qd4 Qc2 49. g4 Qxb3 50. g5 Qxa3 51. Qxf6+ Kg8 52. Qd8+ Kh7 53. Qd5 Kg8
54. Qa8+ Kg7 55. Qa7 0-1

[Event "TCh-CHN 2019"]
[Site "China CHN"]
[Date "2019.08.21"]
[Round "13.4"]
[Board "2"]
[White "Chen, Qi b"]
[Black "Wang, Yue"]
[Result "1/2-1/2"]
[WhiteTitle "IM"]
[BlackTitle "GM"]
[WhiteElo "2445"]
[BlackElo "2674"]
[WhiteTeam "Jiangsu team"]
[BlackTeam "Zhihui Sports chess team of Tianjin"]
[WhiteFideId "8614733"]
[BlackFideId "8601429"]
[EventDate "2019.04.09"]

1. e4 c5 2. Nf3 Nc6 3. Bb5 d6 4. Bxc6+ bxc6 5. e5 Bg4 6. h3 Bh5 7. d3 dxe5 8. g4
Bg6 9. Nxe5 e6 10. Nc3 Bd6 11. Nc4 Nf6 12. Qe2 Nd5 13. Bd2 Bf4 14. Ne4 O-O 15.
O-O-O Bxd2+ 16. Nexd2 Re8 17. Qe5 Rb8 18. Ne4 f6 19. Qd6 Qxd6 20. Nexd6 Red8 21.
h4 h5 22. Rdg1 hxg4 23. Rxg4 Bh5 24. Rg3 Nf4 25. Kd2 f5 26. Ke3 Nd5+ 27. Kd2 Nf4
28. Ke3 Nd5+ 1/2-1/2

[Event "TCh-CHN 2019"]
[Site "China CHN"]
[Date "2019.08.21"]
[Round "13.4"]
[Board "3"]
[White "Yu, Ruiyuan"]
[Black "Malakhov, Vladimir"]
[Result "1/2-1/2"]
[WhiteTitle "GM"]
[BlackTitle "GM"]
[WhiteElo "2497"]
[BlackElo "2668"]
[WhiteTeam "Jiangsu team"]
[BlackTeam "Zhihui Sports chess team of Tianjin"]
[WhiteFideId "8603090"]
[BlackFideId "4120787"]
[EventDate "2019.04.09"]

1. e4 d6 2. d4 Nf6 3. Nc3 g6 4. Nf3 Bg7 5. Bc4 O-O 6. O-O Nxe4 7. Nxe4 d5 8. Bd3
dxe4 9. Bxe4 Nd7 10. c3 c5 11. Be3 cxd4 12. Nxd4 a6 13. Nb3 Qc7 14. Qe2 Nf6 15.
Bf3 e5 16. Bg5 Be6 17. Rfd1 Rad8 18. Rxd8 Rxd8 19. Rd1 Rxd1+ 20. Qxd1 h6 21.
Bxf6 Bxf6 22. Bg4 Bc4 23. Be2 Kg7 24. g3 Be6 25. Bg4 Bxb3 26. Qxb3 Qc6 27. Be2
Bd8 28. Qc4 Qxc4 29. Bxc4 f5 30. f3 a5 31. a4 1/2-1/2

[Event "TCh-CHN 2019"]
[Site "China CHN"]
[Date "2019.08.21"]
[Round "13.4"]
[Board "4"]
[White "Xiao, Yiyi"]
[Black "Shen, Yang"]
[Result "1/2-1/2"]
[WhiteTitle "WFM"]
[BlackTitle "IM"]
[WhiteElo "2306"]
[BlackElo "2402"]
[WhiteTeam "Zhihui Sports chess team of Tianjin"]
[BlackTeam "Jiangsu team"]
[WhiteFideId "8606161"]
[BlackFideId "8603162"]
[EventDate "2019.04.09"]

1. d4 d5 2. c4 c6 3. Nc3 Nf6 4. e3 g6 5. Nf3 Bg7 6. Be2 O-O 7. O-O Bg4 8. cxd5
cxd5 9. Qb3 b6 10. h3 Bc8 11. Rd1 Bb7 12. Ne5 e6 13. Bd2 Nfd7 14. Nxd7 Qxd7 15.
Rdc1 Rc8 16. Bb5 Nc6 17. Ne2 Qd8 18. Nf4 a6 19. Bf1 Bh6 20. Ne2 Bf8 21. Nf4 Bh6
22. Ne2 Ne7 23. a4 Nf5 24. Bb4 a5 25. Ba3 Ba6 26. Rc3 Rxc3 27. Nxc3 Bxf1 28.
Rxf1 Rc8 29. Ne2 Rc6 30. Qd3 Qc8 31. g4 Nd6 32. Bxd6 Rxd6 33. Rc1 Rc6 34. Rc3
Bf8 35. Qb5 Rxc3 36. Nxc3 Qc7 37. Kg2 Kg7 38. Ne2 Bd6 39. Qd3 Qd8 40. Qc2 h5 41.
Qc6 hxg4 1/2-1/2

[Event "TCh-CHN 2019"]
[Site "China CHN"]
[Date "2019.08.21"]
[Round "13.4"]
[Board "5"]
[White "Khotenashvili, Bela"]
[Black "Guo, Qi"]
[Result "1/2-1/2"]
[WhiteTitle "GM"]
[BlackTitle "IM"]
[WhiteElo "2446"]
[BlackElo "2406"]
[WhiteTeam "Zhihui Sports chess team of Tianjin"]
[BlackTeam "Jiangsu team"]
[WhiteFideId "13602640"]
[BlackFideId "8604002"]
[EventDate "2019.04.09"]

1. Nf3 d5 2. g3 c5 3. Bg2 Nc6 4. d4 e6 5. O-O Nf6 6. c4 dxc4 7. dxc5 Qxd1 8.
Rxd1 Bxc5 9. Nfd2 Na5 10. Na3 Bxa3 11. bxa3 Bd7 12. Bb2 Bc6 13. Bxc6+ Nxc6 14.
Nxc4 O-O 15. Bxf6 gxf6 16. Rab1 b6 17. Rbc1 Rfd8 18. Nd6 Ne7 19. Nb5 Rxd1+ 20.
Rxd1 Nd5 21. e4 a6 22. exd5 axb5 23. d6 Kf8 24. Rc1 Kg7 25. d7 Rd8 26. Rd1 Kf8
27. Rd6 f5 28. Kg2 Ke7 29. Rxb6 Rxd7 30. Rxb5 Rd2 31. a4 Rxa2 32. a5 Kf6 33. Kf3
h5 34. h4 Ra3+ 35. Ke2 Kg6 36. Kd2 Rf3 37. Ke2 Ra3 38. Kd1 Rf3 39. Ke2 Ra3 40.
Kd2 Rf3 41. Ke2 1/2-1/2